000 00341pab a2200157 454500
008 180718b1996 xxu||||| |||| 00| 0 eng d
100 _aRao, K. Vijay Rama
245 _aPeople's police?
260 _c1996
300 _ap.M-1
362 _a15 Dec
650 _aPolice - India
650 _aPolice
773 _aTribune
909 _a33625
999 _c33625
_d33625